| 000 | 00448nam a2200193Ia 4500 | ||
|---|---|---|---|
| 008 | 240510s9999 xx 000 0 und d | ||
| 020 | _a0000078812836 | ||
| 041 | _aEng | ||
| 082 | _a005.133 | ||
| 082 | _bS13 | ||
| 100 | _aSCHIDT, H. | ||
| 245 | 0 | _aADVANCED TURBO PASCAL | |
| 260 | _bCALIFORNIA : OSBORNE MCGRAW HILL | ||
| 260 | _c1987 | ||
| 300 | _a331 p. | ||
| 650 | _aPASCAL : PROGRAMMING LANGUAGES | ||
| 942 | _2ddc | ||
| 942 | _cLBK | ||
| 999 |
_c24550 _d24550 |
||
| 945 |
_a1 _bMadushi Gamage _c1 _dMadushi Gamage |
||